Statistiken für Gelbe Dinge - Bildquiz

Klicken Sie hier um das Quiz zu spielen!

Allgemein

  • Dieses Quiz wurde 2.907 mal gespielt
  • Das Durchschnittsergebnis liegt bei 9 aus 15

Antwortstatistiken

Antwort% Korrekt
Sonnenblume
99%
Ferrari
81%
Vatikanstadt
78%
Birke
77%
Sternfrucht
75%
Golden Retriever
74%
Schwefel
74%
China
72%
Narzisse
64%
Emmentaler
63%
Kanarienvogel
54%
Los Angeles Lakers
48%
Gelbes Trikot
36%
Gelber Fluss
35%
Kyōto
18%

Verteilung der Resultate

Perzentil nach korrekt beantworteten Fragen

Anzahl Personen mit jedem Resultat

Ihre Resultats-Entwicklung

Sie haben dieses Quiz noch nicht gespielt